LEADER 01321nam a2200253 u 4500 001 000000005166 003 CaOOAMICUS 005 20070226104730.0 008 940531s1970 sw abf u000 u eng u 035 $a10136162 040 $aPUL(R)$bita 100 1 $aAxelson, Sigbert.$0(OLS)http://pul/name/5374 245 10$aCulture confrontation in the Lower Congo :$bfrom the old Congo kingdom to the Congo independent state, with special reference to the Swedish missionaries in the 1880's and 1890's /$cSigbert Axelson. 260 $aFalköping :$bGummessons,$c1970. 300 $a339 p., [8] c. di tav, [1] c. geogr. ripieg. :$bill. ;$c25 cm 490 1 $aStudia missionalia Upsaliensia ;$v14. 504 $a"Sources and literature": p. 316-331. 830 0$aStudia missionalia Upsaliensia ;$v14.$0(OLS)http://pul/title/7552 850 $aPUL 852 $aPUL$W1$xSL Filosofia 1$y2$m131 G 28$j7224$nBK-PRI$b $qStampati$B7224$CPULBib$Z2$F7224 $H $81 941 1 $a8 961 $aINV: 33239 996 $6245$aCulture confrontation in the Lower Congo :$bfrom the old Congo kingdom to the Congo independent state, with special reference to the Swedish missionaries in the 1880's and 1890's$9(OLS)http://pul/title/7551 996 $6260$aFalköping :$bGummessons$9(OLS)http://pul/publisher/50796 LEADER 00995nam a2200241 u 4500 001 000000109331 003 CaOOAMICUS 005 20081210154817.0 008 080131s1935 sp u000 u spa u 040 $aPUL$bita$dLDB 100 1 $aQuetglas Gayá, Bartolomé.$0(OLS)http://pul/name/66995 245 13$aEl salario familiar :$bteoría y prática /$cBartolomé Quetglas Gayá. 250 $a2a ed. 260 $a[S. l. :$bs. n.],$c1935$ePalma de Mallorca :$fLa Esperanza 300 $axii, 146 p. ;$c21 cm. 490 1 $aBiblioteca "Temas sociales" ;$v06 650 4$aSalari.$0(OLS)http://pul/subject/23451 830 0$aBiblioteca "Temas sociales" ;$v06.$0(OLS)http://pul/title/137546 850 $aPUL 852 $aPUL$W1$xDP1 Cons. Gen., Altre Classi 1$y22$m845 D 21$j125014$qStampati$B123744$CPULBib$Z2$F123744 $82 941 1 $a8 996 $6245$aEl salario familiar :$bteoría y prática$9(OLS)http://pul/title/137545 996 $6260$a[S. l. :$bs. n.]$9(OLS)http://pul/publisher/47882